MARC details
| 000 -CABECERA |
| campo de control de longitud fija |
01643cam a2200313 a 4500 |
| 001 - NÚMERO DE CONTROL |
| campo de control |
000007657 |
| 005 - FECHA Y HORA DE LA ÚLTIMA TRANSACCIÓN |
| campo de control |
20200929154241.0 |
| 008 - DATOS DE LONGITUD FIJA--INFORMACIÓN GENERAL |
| campo de control de longitud fija |
900508k19891993sp 000 f spa d |
| 020 ## - NÚMERO INTERNACIONAL ESTÁNDAR DEL LIBRO |
| Número Internacional Estándar del Libro |
8478520031 |
| 035 ## - NÚMERO DE CONTROL DEL SISTEMA |
| Número de control de sistema |
(DLC) 90153289 |
| 040 ## - FUENTE DE LA CATALOGACIÓN |
| Centro catalogador/agencia de origen |
DO-SdBNP |
| Lengua de catalogación |
spa |
| Centro/agencia transcriptor |
DLC |
| Centro/agencia modificador |
BNPHU |
| 082 ## - NÚMERO DE LA CLASIFICACIÓN DECIMAL DEWEY |
| Número de clasificación |
863.6 |
| Número de documento/Ítem |
C431ó |
| 049 ## - FONDOS LOCALES (OCLC) |
| Fondos de biblioteca |
BNGR |
| 100 1# - ENTRADA PRINCIPAL--NOMBRE DE PERSONA |
| Nombre de persona |
Chacel, Rosa, |
| Fechas asociadas al nombre |
1898-1994. |
| 9 (RLIN) |
15667 |
| 245 10 - MENCIÓN DE TÍTULO |
| Título |
Obra completa / |
| Mención de responsabilidad, etc. |
Rosa Chacel ; edición, prólogo y notas Ana Rodríguez Fischer. |
| 260 ## - PUBLICACIÓN, DISTRIBUCIÓN, ETC. |
| Lugar de publicación, distribución, etc. |
Valladolid : |
| Nombre del editor, distribuidor, etc. |
Excma. Diputación Provincial de Valladolid; |
| -- |
Centro de Creación y Estudios Jorge Guillén, |
| Fecha de publicación, distribución, etc. |
1989-1993. |
| 300 ## - DESCRIPCIÓN FÍSICA |
| Extensión |
v. ; |
| Dimensiones |
22 cm. |
| 500 ## - NOTA GENERAL |
| Nota general |
La biblioteca solo posee los volúmenes 1, 3 y 4. |
| 504 ## - NOTA DE BIBLIOGRAFÍA, ETC. |
| Nota de bibliografía, etc. |
Incluye referencias bibliográficas. |
| 505 0# - NOTA DE CONTENIDO CON FORMATO |
| Información miscelánea |
v. 1. |
| Título |
La sinrazón / |
| Mención de responsabilidad |
estudio preliminar de Ana Rodríguez Fischer -- |
| Información miscelánea |
v. 2. |
| Título |
Ensayo y poesía / |
| Mención de responsabilidad |
estudio preliminar de Félix Pardo -- |
| Información miscelánea |
v. 3-4. |
| Título |
Artículos / |
| Mención de responsabilidad |
edición, prólogo y notas de Ana Rodríguez Fischer -- |
| Información miscelánea |
v. 7. |
| Título |
Narrativa breve / |
| Mención de responsabilidad |
edición de Carlos Pérez Chacel y Antonio Piedra ; prólogo de Ana Rodríguez Fischer -- |
| Información miscelánea |
v. 8. |
| Título |
Autobigrafías / |
| Mención de responsabilidad |
edición de Carlos Pérez Chacel y Antonio Piedra ; prólogo de Ana Rodríguez Fischer -- |
| Información miscelánea |
v. 9. |
| Título |
Diarios / |
| Mención de responsabilidad |
edición de Carlos Pérez Chacel y Antonio Piedra ; prólogo de Ana Rodríguez Fischer. |
| 650 #4 - PUNTO DE ACCESO ADICIONAL DE MATERIA--TÉRMINO DE MATERIA |
| Término de materia o nombre geográfico como elemento de entrada |
Novela española |
| 9 (RLIN) |
1123 |
| 650 #4 - PUNTO DE ACCESO ADICIONAL DE MATERIA--TÉRMINO DE MATERIA |
| Término de materia o nombre geográfico como elemento de entrada |
Literatura española |
| 9 (RLIN) |
632 |
| 700 1# - PUNTO DE ACCESO ADICIONAL--NOMBRE DE PERSONA |
| Nombre de persona |
Rodríguez Fischer, Ana, |
| Término indicativo de función/relación |
ed. |
| 9 (RLIN) |
15060 |
| 700 1# - PUNTO DE ACCESO ADICIONAL--NOMBRE DE PERSONA |
| Nombre de persona |
Pardo, Félix. |
| 9 (RLIN) |
21234 |
| 700 1# - PUNTO DE ACCESO ADICIONAL--NOMBRE DE PERSONA |
| Nombre de persona |
Pérez Chacel, Carlos, |
| Término indicativo de función/relación |
ed. |
| 9 (RLIN) |
21235 |
| 700 1# - PUNTO DE ACCESO ADICIONAL--NOMBRE DE PERSONA |
| Nombre de persona |
Piedra, Antonio, |
| Término indicativo de función/relación |
ed. |
| 9 (RLIN) |
11984 |
| 910 ## - DATOS DE OPCIÓN DEL USUARIO (OCLC) |
| Datos de opción del usuario |
Catalogación por copia / LC |
| 910 ## - DATOS DE OPCIÓN DEL USUARIO (OCLC) |
| Datos de opción del usuario |
WM |